[Event "OSREDNJA SLOVENSKA LIGA 2024"]
[Site "Gostovanja"]
[Date "2024.09.26"]
[Round "3.1"]
[White "Olenik Campa, Rudi"]
[Black "Osolin, Bojan"]
[Result "1-0"]
[WhiteElo "2335"]
[BlackElo "2086"]
[PlyCount "41"]
[EventDate "2024.09.12"]
[WhiteTeam "SK Ljubljana"]
[BlackTeam "SD Domzale"]

1. e4 e5 2. Nf3 Nc6 3. Bc4 Nf6 4. d3 Bc5 5. c3 a6 6. O-O Ba7 7. Bg5 h6 8. Bh4
d6 9. Nbd2 O-O 10. a4 Nb8 11. Re1 Re8 12. Qb3 Qe7 13. d4 g5 14. Bg3 Nbd7 15.
Nf1 b5 16. axb5 axb5 17. Bxb5 exd4 18. e5 dxe5 19. Nxe5 Qf8 20. cxd4 Kg7 21.
Qf3 1-0

[Event "OSREDNJA SLOVENSKA LIGA 2024"]
[Site "Gostovanja"]
[Date "2024.09.26"]
[Round "3.1"]
[White "Markosek, Bine"]
[Black "Sfiligoj, Anze"]
[Result "1-0"]
[WhiteElo "1989"]
[BlackElo "1844"]
[PlyCount "66"]
[EventDate "2024.09.12"]
[WhiteTeam "SD Domzale"]
[BlackTeam "SK Ljubljana"]

1. e4 e5 2. Nf3 Nc6 3. Bb5 a6 4. Ba4 Nf6 5. O-O b5 6. Bb3 d6 7. h3 Be7 8. c3
Bb7 9. Re1 O-O 10. d4 h6 11. Nbd2 Re8 12. d5 Nb8 13. Nf1 c5 14. Ng3 Bf8 15. Nh2
Nbd7 16. Nf5 c4 17. Bc2 Nc5 18. Qf3 Bc8 19. Be3 Bxf5 20. Qxf5 Qc8 21. Qf3 a5
22. Bxh6 gxh6 23. Qxf6 Bg7 24. Qf3 Qd8 25. Ng4 b4 26. Ne3 b3 27. axb3 cxb3 28.
Bd1 Nd3 29. Re2 a4 30. Nf5 Nf4 31. Rd2 Bf8 32. h4 Qf6 33. g3 Ng6 1-0

[Event "OSREDNJA SLOVENSKA LIGA 2024"]
[Site "Gostovanja"]
[Date "2024.09.26"]
[Round "3.1"]
[White "Markus, David"]
[Black "Skok, Joze"]
[Result "1-0"]
[WhiteElo "1771"]
[BlackElo "1958"]
[PlyCount "143"]
[EventDate "2024.09.12"]
[WhiteTeam "SK Ljubljana"]
[BlackTeam "SD Domzale"]

1. e4 c6 2. d4 d5 3. Nc3 dxe4 4. Nxe4 Nd7 5. Nf3 Ngf6 6. Nxf6+ Nxf6 7. c3 Bg4
8. h3 Bh5 9. Bf4 e6 10. Be2 Bd6 11. Ne5 Bxe2 12. Qxe2 Qc7 13. O-O O-O 14. c4
Nd7 15. Nxd7 Qxd7 16. Be5 Rad8 17. Rad1 f6 18. Bxd6 Qxd6 19. Rfe1 Rfe8 20. Qh5
g6 21. Qa5 Qb8 22. d5 b6 23. Qc3 e5 24. dxc6 Qc7 25. Qf3 f5 26. Rd5 Rc8 27. Rd7
Qxc6 28. Qxc6 Rxc6 29. b3 a5 30. Red1 Rce6 31. Rb7 R8e7 32. Rdd7 Rxd7 33. Rxd7
e4 34. Rb7 Rd6 35. Kf1 h6 36. Ke2 g5 37. g3 Kf8 38. a3 f4 39. gxf4 gxf4 40. b4
axb4 41. axb4 Rc6 42. Rh7 Rxc4 43. Rxh6 Rc2+ 44. Ke1 f3 45. Rxb6 Ke7 46. h4
Rc1+ 47. Kd2 Rh1 48. Ke3 Rxh4 49. Rc6 Rh1 50. Kxe4 Rb1 51. Rc4 Rb3 52. Kf4 Kd6
53. Re4 Kd5 54. Re3 Rxb4+ 55. Kxf3 Rb1 56. Kf4 Rb4+ 57. Kg3 Rb8 58. f4 Rg8+ 59.
Kh4 Rf8 60. Re5+ Kd6 61. Kg5 Rg8+ 62. Kf5 Rf8+ 63. Kg5 Rf7 64. Kg4 Rg7+ 65. Kf5
Rf7+ 66. Ke4 Re7 67. Rxe7 Kxe7 68. Ke5 Kf7 69. Kf5 Ke7 70. Kg6 Ke6 71. f5+ Ke7
72. Kg7 1-0

[Event "OSREDNJA SLOVENSKA LIGA 2024"]
[Site "Gostovanja"]
[Date "2024.09.26"]
[Round "3.2"]
[White "Baric, Dusan"]
[Black "Praznik, Anton"]
[Result "1/2-1/2"]
[WhiteElo "1957"]
[BlackElo "1967"]
[PlyCount "122"]
[EventDate "2024.09.12"]
[WhiteTeam "SK Visnja gora - Sticna"]
[BlackTeam "SD Vrhnika"]

1. e4 d6 2. d4 Nf6 3. Bd3 e5 4. Nf3 Nc6 5. c3 Bg4 6. Be3 d5 7. Nbd2 Be7 8. b3
Bxf3 9. Qxf3 exd4 10. cxd4 dxe4 11. Bxe4 Nxe4 12. Qxe4 O-O 13. O-O Bf6 14. Nf3
Re8 15. Qd3 Qd5 16. Rfd1 Rad8 17. a3 Rd7 18. Rac1 Red8 19. b4 b6 20. Qc4 Ne7
21. Qxd5 Nxd5 22. Rc6 Ne7 23. Rc4 Nd5 24. Rdc1 h6 25. b5 Kf8 26. Kf1 Re7 27.
Bd2 Ke8 28. Re1 Rxe1+ 29. Kxe1 Kd7 30. Ke2 Ra8 31. Kd3 a6 32. bxa6 Rxa6 33. Ke4
c6 34. a4 Ra8 35. Ne5+ Bxe5 36. dxe5 Re8 37. f4 f6 38. g3 g6 39. h4 f5+ 40. Kf3
h5 41. Ke2 c5 42. a5 Kc6 43. axb6 Kxb6 44. Ra4 Nf6 45. Be3 Ne4 46. Kd3 Kb5 47.
Ra7 Rd8+ 48. Kc2 Re8 49. Rc7 Re6 50. Kb3 Rc6 51. Rxc6 Kxc6 52. Kc4 Kd7 53. Bxc5
Ke6 54. Kd4 Nxg3 55. Bb4 Ne4 56. Be1 Ke7 57. Kd5 Kd7 58. Bb4 Ng3 59. e6+ Ke8
60. Ke5 Ne4 61. Ba5 Kf8 1/2-1/2

[Event "OSREDNJA SLOVENSKA LIGA 2024"]
[Site "Gostovanja"]
[Date "2024.09.26"]
[Round "3.2"]
[White "Zlindra, Aljaz"]
[Black "Pisek, Igor"]
[Result "1-0"]
[WhiteElo "1851"]
[BlackElo "1806"]
[PlyCount "63"]
[EventDate "2024.09.12"]
[WhiteTeam "SD Vrhnika"]
[BlackTeam "SK Visnja gora - Sticna"]

1. e4 e5 2. Nc3 Nc6 3. Bc4 Be7 4. d3 Nf6 5. f4 d6 6. Nf3 Bg4 7. O-O Nd4 8. fxe5
Bxf3 9. gxf3 dxe5 10. f4 Bd6 11. fxe5 Bxe5 12. Bg5 Qd6 13. Bxf6 gxf6 14. Nd5
Bxh2+ 15. Kh1 O-O-O 16. c3 Ne6 17. Qh5 Bg3 18. Rxf6 c6 19. Qxf7 cxd5 20. Bxd5
Qc7 21. Qxe6+ Qd7 22. Bxb7+ Kb8 23. Qxd7 Rxd7 24. Bd5 h5 25. Raf1 h4 26. Rf8+
Rd8 27. Rxd8+ Rxd8 28. Kg2 Kc7 29. d4 Kb6 30. Bb3 Rh8 31. e5 Kc6 32. Kh3 1-0

[Event "OSREDNJA SLOVENSKA LIGA 2024"]
[Site "Gostovanja"]
[Date "2024.09.26"]
[Round "3.2"]
[White "Jancigaj, Saso Valentin"]
[Black "Sirk, Matija"]
[Result "0-1"]
[WhiteElo "1770"]
[BlackElo "1793"]
[PlyCount "42"]
[EventDate "2024.09.12"]
[WhiteTeam "SK Visnja gora - Sticna"]
[BlackTeam "SD Vrhnika"]

1. f4 d5 2. Nf3 Nf6 3. e3 g6 4. d4 Bg7 5. Bd3 O-O 6. Nbd2 c5 7. c3 Bf5 8. Bxf5
gxf5 9. O-O Nbd7 10. Ne5 Qc7 11. Rf3 Rfc8 12. Rh3 Nf8 13. Qe1 N6d7 14. Qh4 f6
15. Nxd7 Qxd7 16. Nf3 b5 17. Bd2 a5 18. Qh5 b4 19. Nh4 e6 20. cxb4 cxb4 21. Rf1
Rc2 {nejasno (30)} 0-1

[Event "OSREDNJA SLOVENSKA LIGA 2024"]
[Site "Gostovanja"]
[Date "2024.09.26"]
[Round "3.3"]
[White "Lucovnik, Tilen"]
[Black "Butala, Marjan"]
[Result "1-0"]
[WhiteElo "2169"]
[BlackElo "1940"]
[PlyCount "95"]
[EventDate "2024.09.12"]
[WhiteTeam "SK Komenda Popotnik"]
[BlackTeam "Drustvo KPSRD Karel Jeraj"]

1. e4 e5 2. Nf3 Nc6 3. d4 exd4 4. Nxd4 Bc5 5. Nxc6 Qf6 6. Qf3 bxc6 7. Nd2 d6 8.
Nb3 Bb6 9. a4 a5 10. Bd2 Qxf3 11. gxf3 Ne7 12. Bd3 O-O 13. Ke2 Be6 14. f4 c5
15. c4 Bg4+ 16. f3 Bh5 17. Rhg1 f6 18. Rg3 Kh8 19. Rag1 Rg8 20. Bc3 Raf8 21.
Nxa5 Be8 22. Ra1 Bd7 23. Nb3 Nc6 24. a5 Ba7 25. Nd2 Rf7 26. Rag1 Rgf8 27. Nf1
Nd4+ 28. Bxd4 cxd4 29. b4 Re7 30. Nd2 Rb8 31. Rb1 Kg8 32. Kd1 Ba4+ 33. Bc2 Be8
34. b5 Kf8 35. Nb3 Bf7 36. Bd3 h6 37. Kd2 Be6 38. Bf1 Bc5 39. Kd3 Ra8 40. Ra1
f5 41. Nxd4 fxe4+ 42. fxe4 Bxc4+ 43. Kxc4 Rxe4 44. Rd3 Rxf4 45. Bg2 Re8 46. Rf3
Ree4 47. Rxf4+ Rxf4 48. Rf1 1-0

[Event "OSREDNJA SLOVENSKA LIGA 2024"]
[Site "Gostovanja"]
[Date "2024.09.26"]
[Round "3.3"]
[White "Mlacnik, Janez"]
[Black "Zidar, Jernej"]
[Result "1-0"]
[WhiteElo "1873"]
[BlackElo "2055"]
[PlyCount "67"]
[EventDate "2024.09.12"]
[WhiteTeam "Drustvo KPSRD Karel Jeraj"]
[BlackTeam "SK Komenda Popotnik"]

1. e4 c5 2. Nc3 d6 3. f4 Nc6 4. Nf3 g6 5. Bc4 Bg7 6. O-O e6 7. d3 Nge7 8. Qe1
a6 9. a4 Nd4 10. Nxd4 cxd4 11. Ne2 d5 12. Bb3 dxe4 13. dxe4 O-O 14. Ng3 Nc6 15.
Bd2 d3 16. Bc3 Nd4 17. Rd1 Qb6 18. Qf2 Qc5 19. Rxd3 Nxb3 20. cxb3 Qc6 21. Rfd1
b5 22. Bxg7 Kxg7 23. Rc3 Qe8 24. Rc7 bxa4 25. Qd4+ e5 26. fxe5 Be6 27. Qf2 h6
28. Qf6+ Kg8 29. Nh5 gxh5 30. Qxh6 Bg4 31. Qg5+ Kh7 32. Rd6 Be6 33. Qxh5+ Kg7
34. Rd3 1-0

[Event "OSREDNJA SLOVENSKA LIGA 2024"]
[Site "Gostovanja"]
[Date "2024.09.26"]
[Round "3.3"]
[White "Debeljak, Jaka"]
[Black "Kutin, Dusan"]
[Result "1-0"]
[WhiteElo "1817"]
[BlackElo "1808"]
[PlyCount "75"]
[EventDate "2024.09.12"]
[WhiteTeam "SK Komenda Popotnik"]
[BlackTeam "Drustvo KPSRD Karel Jeraj"]

1. d4 d5 2. Nc3 Nf6 3. Bf4 a6 4. e3 Nc6 5. Nf3 h6 6. h3 e6 7. a3 Bd6 8. Bd3 Qe7
9. Ne5 Bxe5 10. Bxe5 Nxe5 11. dxe5 Nd7 12. Qg4 Qg5 13. f4 Qxg4 14. hxg4 Nc5 15.
Be2 Bd7 16. Bf3 O-O-O 17. a4 Bc6 18. b4 Ne4 19. Ne2 f5 20. gxf5 exf5 21. Nd4 g6
22. b5 Bd7 23. e6 Be8 24. g4 a5 25. gxf5 Ng3 26. f6 Nxh1 27. Bxh1 Rd6 28. Bg2
Rf8 29. f7 Bxf7 30. exf7 Rxf7 31. Bh3+ Kd8 32. Kd2 Ke7 33. Rg1 Rdf6 34. Bc8 b6
35. Nc6+ Kd6 36. Ne5 Rg7 37. Kd3 Rg8 38. Bh3 1-0

[Event "OSREDNJA SLOVENSKA LIGA 2024"]
[Site "Gostovanja"]
[Date "2024.09.26"]
[Round "3.3"]
[White "Vertacnik, Viktor"]
[Black "Cimperman, Teo"]
[Result "0-1"]
[WhiteElo "1718"]
[BlackElo "1702"]
[PlyCount "56"]
[EventDate "2024.09.12"]
[WhiteTeam "Drustvo KPSRD Karel Jeraj"]
[BlackTeam "SK Komenda Popotnik"]

1. e4 c5 2. c3 Nc6 3. Nf3 g6 4. d4 cxd4 5. cxd4 Bg7 6. Nc3 d6 7. Be3 Nf6 8. h3
O-O 9. Bc4 Bd7 10. O-O Rc8 11. Bd3 Nb4 12. Bb1 Qa5 13. a3 Nc6 14. Bd3 Nh5 15.
Qd2 e5 16. dxe5 Nxe5 17. Nxe5 Bxe5 18. f4 Bxc3 19. Qxc3 Rxc3 20. bxc3 Qxc3 21.
Rfd1 Re8 22. Kf2 Bc6 23. g4 Nf6 24. Bxa7 Ra8 25. Be3 Nxe4+ 26. Bxe4 Bxe4 27.
Rac1 Qb2+ 28. Kg3 Rxa3 0-1

[Event "OSREDNJA SLOVENSKA LIGA 2024"]
[Site "Gostovanja"]
[Date "2024.09.26"]
[Round "3.4"]
[White "Skok, Boris"]
[Black "Ribicic, Marko"]
[Result "1/2-1/2"]
[WhiteElo "1956"]
[BlackElo "1844"]
[PlyCount "116"]
[EventDate "2024.09.12"]
[WhiteTeam "SD Crni graben"]
[BlackTeam "Zelenci LPP"]

1. d4 e6 2. c4 d5 3. Nc3 Nf6 4. Nf3 Be7 5. Bf4 c6 6. e3 Nh5 7. Be5 Nd7 8. Qc2
f6 9. Bg3 Nxg3 10. hxg3 f5 11. g4 g6 12. Bd3 Bd6 13. O-O-O Qf6 14. gxf5 gxf5
15. Rh3 Nf8 16. Rdh1 Bd7 17. Rh6 Qe7 18. Kb1 dxc4 19. Bxc4 O-O-O 20. g3 Kb8 21.
Ka1 Ng6 22. Bd3 Rdf8 23. R1h5 Rfg8 24. Qb3 Qg7 25. Ng5 Nf8 26. f4 Be7 27. Ba6
Bc8 28. Bc4 Bxg5 29. fxg5 Qe7 30. Rf6 Rxg5 31. Rhh6 Rxg3 32. Qd1 Ng6 33. Qe1
Rg4 34. Rfxg6 Rxg6 35. Rh1 Rhg8 36. a3 Qg7 37. Ka2 Rg1 38. Rxg1 Qxg1 39. Qh4
Qxe3 40. Qxh7 Rd8 41. Qh2+ f4 42. Ne2 Rxd4 43. Nxd4 Qxd4 44. Bb3 c5 45. Qe2 e5
46. Qh5 c4 47. Bc2 a6 48. Qe8 Qc5 49. Bf5 f3 50. Bxc8 Qxc8 51. Qxe5+ Qc7 52.
Qe8+ Ka7 53. Qe3+ b6 54. Qxf3 b5 55. Qe3+ Kb7 56. Qe4+ Kb6 57. Qd4+ Kc6 58.
Qe4+ Kd7 1/2-1/2

[Event "OSREDNJA SLOVENSKA LIGA 2024"]
[Site "Gostovanja"]
[Date "2024.09.26"]
[Round "3.4"]
[White "Novakovic, Gosto"]
[Black "Osolin, Bogdan"]
[Result "1/2-1/2"]
[WhiteElo "1789"]
[BlackElo "1941"]
[PlyCount "80"]
[EventDate "2024.09.12"]
[WhiteTeam "Zelenci LPP"]
[BlackTeam "SD Crni graben"]

1. e4 e5 2. Nf3 Nc6 3. Bc4 Nf6 4. Nc3 Nxe4 5. O-O Nxc3 6. dxc3 Be7 7. Re1 d6 8.
b4 O-O 9. Bd3 f5 10. Bc4+ Kh8 11. a4 Bf6 12. b5 Na5 13. Ba2 c5 14. Nd2 d5 15.
Nb3 Nxb3 16. cxb3 e4 17. Bb2 Be6 18. Bb1 Qd7 19. Bc2 Rad8 20. Qh5 g6 21. Qh6
Bg7 22. Qf4 h6 23. Qe3 d4 24. cxd4 cxd4 25. Qg3 Kh7 26. Rac1 Qf7 27. Bd1 f4 28.
Qh4 g5 29. Qh5 Qf5 30. Qe2 Bd5 31. Rc7 Rf7 32. Qc2 Rdd7 33. Rc8 b6 34. Bh5 Rfe7
35. Ba3 d3 36. Qd1 Rc7 37. Bg4 Qf7 38. Bxe7 Rxe7 39. Bh5 Qe6 40. Bg4 Qf7
1/2-1/2

[Event "OSREDNJA SLOVENSKA LIGA 2024"]
[Site "Gostovanja"]
[Date "2024.09.26"]
[Round "3.4"]
[White "Hribar, Janez"]
[Black "Becic, Semso"]
[Result "1-0"]
[WhiteElo "1907"]
[BlackElo "1747"]
[PlyCount "109"]
[EventDate "2024.09.12"]
[WhiteTeam "SD Crni graben"]
[BlackTeam "Zelenci LPP"]

1. c4 c5 2. Nc3 Nc6 3. g3 g6 4. Bg2 Bg7 5. e4 e5 6. Nge2 Nge7 7. Rb1 d6 8. a3
Be6 9. d3 Qd7 10. Nd5 Bh3 11. Bxh3 Qxh3 12. Nc7+ Kd7 13. Nxa8 Rxa8 14. Ng1 Qe6
15. Nf3 Nd4 16. Nxd4 exd4 17. O-O f5 18. exf5 Qxf5 19. b4 b6 20. b5 h5 21. h4
Rf8 22. a4 Qh3 23. Bg5 Be5 24. Qe1 Rf7 25. Qe4 Ke6 26. Bxe7 Kxe7 27. Rbe1 Kf8
28. Qg2 Qf5 29. f4 Bf6 30. Re4 Qg4 31. Kh2 Qf5 32. Qh3 d5 33. Qxf5 gxf5 34. Re6
dxc4 35. dxc4 Kg7 36. Rfe1 Rd7 37. Kg2 d3 38. R6e3 Rd4 39. a5 Re4 40. Kf3 Rd4
41. axb6 axb6 42. Rd1 d2 43. Ke2 Rxc4 44. Rxd2 Rb4 45. Rd7+ Kf8 46. Re6 Bd4 47.
Rxb6 Rb2+ 48. Kd1 Ke8 49. Ra7 Rb1+ 50. Kc2 Rb2+ 51. Kc1 Bf6 52. Rb8+ Bd8 53.
Kxb2 c4 54. b6 c3+ 55. Kxc3 1-0

[Event "OSREDNJA SLOVENSKA LIGA 2024"]
[Site "Gostovanja"]
[Date "2024.09.26"]
[Round "3.4"]
[White "Levacic, Matic"]
[Black "Arlic, Nejc"]
[Result "0-1"]
[WhiteElo "1614"]
[BlackElo "1851"]
[PlyCount "98"]
[EventDate "2024.09.12"]
[WhiteTeam "Zelenci LPP"]
[BlackTeam "SD Crni graben"]

1. e4 e5 2. Nf3 Nc6 3. Bc4 Bc5 4. h3 Nf6 5. d3 a6 6. a3 d6 7. Bg5 h6 8. Bh4 g5
9. Bg3 Be6 10. Nc3 Bxc4 11. dxc4 Nd4 12. O-O c6 13. b4 Nxf3+ 14. Qxf3 Bd4 15.
Rfe1 Qe7 16. Rad1 a5 17. Kf1 axb4 18. axb4 Qe6 19. Nd5 cxd5 20. exd5 g4 21.
hxg4 Qxg4 22. Qxf6 Kd7 23. Qxf7+ Kc8 24. Qe6+ Qxe6 25. dxe6 Bc3 26. Re3 Bxb4
27. Rf3 Re8 28. Rf6 h5 29. Rh6 Ra2 30. c3 Bc5 31. f3 Ra4 32. Ke2 Rxc4 33. Ra1
Kc7 34. Kd3 b5 35. Rh7+ Kc6 36. Ra6+ Kd5 37. Rxh5 Ra4 38. Rxa4 bxa4 39. f4 Rxe6
40. c4+ Kc6 41. fxe5 d5 42. Rh8 dxc4+ 43. Kxc4 a3 44. Rc8+ Kb6 45. Rxc5 a2 46.
Rb5+ Ka6 47. Be1 Rc6+ 48. Kb3 a1=Q 49. Ra5+ Qxa5 0-1

[Event "OSREDNJA SLOVENSKA LIGA 2024"]
[Site "Gostovanja"]
[Date "2024.09.26"]
[Round "3.5"]
[White "Lah, Emil"]
[Black "Veskovic, Dzemal"]
[Result "1/2-1/2"]
[WhiteElo "1947"]
[BlackElo "1895"]
[PlyCount "131"]
[EventDate "2024.09.12"]
[WhiteTeam "SK Trzin Buscotrade"]
[BlackTeam "SD Menges - Trzin"]

1. e4 e6 2. d4 d6 3. Nf3 Be7 4. Bd3 a6 5. a4 Nd7 6. c3 e5 7. O-O Ngf6 8. Re1
O-O 9. Nbd2 c5 10. d5 h6 11. Nf1 Nh7 12. Ng3 Ndf6 13. h3 Bd7 14. c4 a5 15. Bd2
b6 16. Nh2 Ne8 17. f4 Bf6 18. Rb1 exf4 19. Bxf4 Bg5 20. Rf1 Bxf4 21. Rxf4 Qg5
22. Rf3 Qe5 23. Bc2 Ng5 24. Ra3 g6 25. h4 Nh7 26. Ngf1 h5 27. Nf3 Qf4 28. g3
Qf6 29. Qd2 Bg4 30. N1h2 Qg7 31. Rb3 Rb8 32. Kg2 Nef6 33. Re1 Bxf3+ 34. Nxf3
Ng4 35. Qf4 Ne5 36. Nxe5 dxe5 37. Qf3 Nf6 38. Bd1 Nd7 39. Bc2 Qh6 40. Qe3 Qxe3
41. Rexe3 Kg7 42. Rf3 f6 43. Kh3 g5 44. g4 hxg4+ 45. Kxg4 gxh4 46. Kxh4 Rh8+
47. Kg4 Rbg8 48. Rg3 Kf7+ 49. Kf3 Rh2 50. Rxg8 Kxg8 51. Bd3 Rh4 52. Kg3 Rf4 53.
Bc2 Kf7 54. Re3 Ke7 55. b3 Nf8 56. Bd1 Kd6 57. Bc2 Ng6 58. Rf3 Rxf3+ 59. Kxf3
Nf4 60. Bd1 Ke7 61. Bc2 Kd6 62. Ke3 Ng2+ 63. Kf2 Nf4 64. Ke3 Nh3 65. Bd1 Nf4
66. Bf3 1/2-1/2

[Event "OSREDNJA SLOVENSKA LIGA 2024"]
[Site "Gostovanja"]
[Date "2024.09.26"]
[Round "3.5"]
[White "Sedlar, Tomo"]
[Black "Raspor, Gregor"]
[Result "1-0"]
[WhiteElo "1871"]
[BlackElo "1978"]
[PlyCount "106"]
[EventDate "2024.09.12"]
[WhiteTeam "SD Menges - Trzin"]
[BlackTeam "SK Trzin Buscotrade"]

1. d4 Nf6 2. c4 e6 3. Nc3 Bb4 4. Qb3 c5 5. Nf3 Ne4 6. Bd2 Nxd2 7. Nxd2 Qa5 8.
e3 Bxc3 9. Qxc3 Qxc3 10. bxc3 b6 11. Ne4 Ke7 12. Be2 Bb7 13. Bf3 d6 14. O-O Nc6
15. Nd2 Rac8 16. Rfc1 Ba6 17. Rc2 Na5 18. Be2 d5 19. Kf1 Nxc4 20. Bxc4 Bxc4+
21. Nxc4 dxc4 22. a4 Rhd8 23. Rb2 cxd4 24. exd4 Rd5 25. Rb4 Rc6 26. f4 Kd7 27.
Ke2 Kc7 28. Ke3 f6 29. h4 e5 30. Ke4 Kd6 31. fxe5+ fxe5 32. Rd1 Ke6 33. Rb5
Rcd6 34. Rb4 exd4 35. cxd4 Rc6 36. Rc1 c3 37. Kd3 Rh5 38. Rxc3 Rd6 39. g3 Kd7
40. Rbc4 Ke6 41. Rc7 Rd7 42. Ke4 Rhd5 43. R3c4 Ra5 44. Rxd7 Kxd7 45. d5 Kd6 46.
Rc6+ Ke7 47. Ke5 Kd7 48. Rc4 Ra6 49. Rf4 Ke8 50. d6 Ra5+ 51. Ke6 Rc5 52. d7+
Kd8 53. Rf8+ Kc7 1-0

[Event "OSREDNJA SLOVENSKA LIGA 2024"]
[Site "Gostovanja"]
[Date "2024.09.26"]
[Round "3.5"]
[White "Krumpak, Hinko"]
[Black "Simicak, Metod"]
[Result "0-1"]
[WhiteElo "2002"]
[BlackElo "1858"]
[PlyCount "98"]
[EventDate "2024.09.12"]
[WhiteTeam "SK Trzin Buscotrade"]
[BlackTeam "SD Menges - Trzin"]

1. Nf3 Nc6 2. e4 d6 3. d4 Bg4 4. Be2 Nf6 5. Qd3 d5 6. e5 Nd7 7. c3 e6 8. Bg5
Be7 9. Bxe7 Qxe7 10. Nbd2 a6 11. a4 f6 12. Qe3 fxe5 13. Nxe5 Ncxe5 14. dxe5
Bxe2 15. Qxe2 O-O 16. O-O Rf5 17. Nf3 Raf8 18. Rad1 c5 19. Rd3 Qf7 20. Re3 Qh5
21. h3 Rf4 22. b3 g5 23. Nh2 Qxe2 24. Rxe2 h5 25. f3 a5 26. Rb1 Kg7 27. Nf1 g4
28. hxg4 hxg4 29. Nd2 R4f5 30. Rbe1 Rg5 31. fxg4 Rxg4 32. Rf1 Rxf1+ 33. Kxf1
Kg6 34. c4 Rf4+ 35. Ke1 d4 36. Ne4 b6 37. Nd6 Kg5 38. Ne4+ Kg4 39. Nd6 Kh5 40.
Ne4 Kg6 41. Nd6 Rg4 42. Ne4 Kg7 43. Kd2 Rf4 44. Nd6 Rf1 45. Kd3 Ra1 46. Ke4 Rb1
47. Ne8+ Kf7 48. Nd6+ Kg6 49. Kf4 Rxb3 0-1

[Event "OSREDNJA SLOVENSKA LIGA 2024"]
[Site "Gostovanja"]
[Date "2024.09.26"]
[Round "3.6"]
[White "Kampus, Andrej"]
[Black "Babarovic, Fran"]
[Result "1-0"]
[WhiteElo "1915"]
[BlackElo "1786"]
[PlyCount "61"]
[EventDate "2024.09.12"]
[WhiteTeam "SK Dol pri Ljubljani"]
[BlackTeam "SK Komenda Pogi"]

1. e4 c5 2. Nc3 Nc6 3. Bb5 Nd4 4. Nf3 Nxb5 5. Nxb5 d6 6. d4 Bd7 7. Nc3 cxd4 8.
Qxd4 Nf6 9. Bg5 e6 10. O-O-O h6 11. Bh4 g5 12. Bg3 g4 13. Nd2 e5 14. Qd3 Be6
15. Nc4 Bxc4 16. Qxc4 Qc8 17. Qd3 a6 18. f4 Nd7 19. Rhf1 h5 20. fxe5 dxe5 21.
Rf5 f6 22. Bh4 Qc6 23. Nd5 Bg7 24. Rdf1 Rd8 25. Qa3 Bf8 26. Qa5 b6 27. Qxa6 Nc5
28. Qa7 Nxe4 29. Nxf6+ Nxf6 30. Bxf6 Ra8 31. Rxe5+ 1-0

[Event "OSREDNJA SLOVENSKA LIGA 2024"]
[Site "Gostovanja"]
[Date "2024.09.26"]
[Round "3.6"]
[White "Poglajen, Franc"]
[Black "Azinovic, Igor"]
[Result "0-1"]
[WhiteElo "1838"]
[BlackElo "1799"]
[PlyCount "104"]
[EventDate "2024.09.12"]
[WhiteTeam "SK Komenda Pogi"]
[BlackTeam "SK Dol pri Ljubljani"]

1. e4 c5 2. Nf3 d6 3. d4 cxd4 4. Nxd4 Nf6 5. Nc3 a6 6. Be2 e5 7. Nb3 Be7 8. Bg5
Nbd7 9. Qd2 h6 10. Be3 b5 11. a3 Bb7 12. f3 Nb6 13. Na5 Qc7 14. Bxb5+ axb5 15.
Nxb5 Qd7 16. Nxd6+ Bxd6 17. Bxb6 Ba6 18. c4 Rc8 19. Rd1 Ke7 20. b3 Bxa3 21. Qc3
Qe6 22. c5 Nd7 23. Rd6 Nxc5 24. Rxe6+ Nxe6 25. Nc4 Rb8 26. Qa5 Bxc4 27. bxc4
Ra8 28. Qxe5 Bb4+ 29. Kf2 Ra2+ 30. Kg3 Bd6 31. Bc5 Bxc5 32. Qd5 Rd8 33. Qc6
Rdd2 34. Qb7+ Kf6 35. e5+ Kg5 36. h4+ Kg6 37. Qe4+ f5 38. exf6+ Kxf6 39. f4
Bf2+ 40. Kg4 Rd4 41. Qe5+ Ke7 42. Rb1 Rxf4+ 43. Kh5 Rxh4+ 44. Kg6 Rg4+ 45. Kh7
Ra7 46. Rb5 Bd4 47. Qe2 Rf4 48. c5 Kf6 49. Rb6 g5+ 50. Kg8 Ra8+ 51. Kh7 Rh8+
52. Kxh8 Kg6+ 0-1

[Event "OSREDNJA SLOVENSKA LIGA 2024"]
[Site "Gostovanja"]
[Date "2024.09.26"]
[Round "3.6"]
[White "Magerl, Zan"]
[Black "Macek, Inti"]
[Result "0-1"]
[WhiteElo "1682"]
[BlackElo "1750"]
[PlyCount "156"]
[EventDate "2024.09.12"]
[WhiteTeam "SK Dol pri Ljubljani"]
[BlackTeam "SK Komenda Pogi"]

1. e4 e5 2. Nf3 Nc6 3. d4 exd4 4. Nxd4 Bb4+ 5. c3 Bc5 6. Be3 Bb6 7. Nf5 Qf6 8.
Bxb6 axb6 9. Bb5 d6 10. Ne3 Bd7 11. O-O Nge7 12. Nd2 O-O 13. a4 Qg6 14. f4 f5
15. Nd5 Nxd5 16. exd5 Nb8 17. Be2 Be8 18. Nf3 Nd7 19. Ng5 Bf7 20. Bf3 Rae8 21.
a5 Ra8 22. Re1 Qf6 23. Ne6 Bxe6 24. dxe6 Nc5 25. e7 Rfe8 26. Bxb7 Rxa5 27. Bd5+
Kh8 28. Rxa5 bxa5 29. Qe2 Ne4 30. Bxe4 fxe4 31. Qxe4 g6 32. g4 Kg7 33. Kg2 Kf7
34. Qd5+ Kg7 35. Qe4 Kf7 36. Qc4+ Kg7 37. Qxc7 Qxf4 38. Qd7 Qd2+ 39. Kf1 Qf4+
40. Kg1 Qd2 41. Qe6 Qxb2 42. Rf1 Qb6+ 43. Kg2 Qb7+ 44. Rf3 Qxe7 45. Qc4 Qe2+
46. Qxe2 Rxe2+ 47. Kg3 a4 48. Rd3 a3 49. Rxd6 Re3+ 50. Kf4 Rxc3 51. Ra6 h6 52.
h4 Kf7 53. h5 g5+ 54. Kf5 Rc5+ 55. Ke4 Rc4+ 56. Kf5 Rf4+ 57. Ke5 Rxg4 58. Rxa3
Rh4 59. Ra7+ Ke8 60. Ke6 Kd8 61. Kf5 Rxh5 62. Rg7 Rh4 63. Ke6 g4 64. Kf5 h5 65.
Ke6 Rh3 66. Kd6 Ke8 67. Ke6 Kf8 68. Rb7 Rf3 69. Rh7 Rh3 70. Rb7 g3 71. Kf6 Ke8
72. Ke6 Kd8 73. Kd6 Kc8 74. Rg7 h4 75. Ke5 Rh2 76. Kf4 g2 77. Kf3 h3 78. Kf2
Rh1 0-1

[Event "OSREDNJA SLOVENSKA LIGA 2024"]
[Site "Gostovanja"]
[Date "2024.09.26"]
[Round "3.7"]
[White "Susnik, Matej"]
[Black "Sajovic, Marko"]
[Result "1-0"]
[WhiteElo "2034"]
[BlackElo "2190"]
[PlyCount "31"]
[EventDate "2024.09.12"]
[WhiteTeam "Drustvo Tomo Zupan"]
[BlackTeam "SK Medvode"]

1. e4 d5 2. exd5 Qxd5 3. Nc3 Qd6 4. d4 c6 5. Nf3 Nf6 6. Ne5 Bf5 7. Bc4 e6 8.
Bf4 Qb4 9. Bd2 Qb6 10. Qe2 Bxc2 11. Nxf7 Nbd7 12. Qxe6+ Be7 13. Nd6+ Kd8 14.
Nf7+ Kc8 15. Nxh8 Qxd4 16. Be3 1-0

[Event "OSREDNJA SLOVENSKA LIGA 2024"]
[Site "Gostovanja"]
[Date "2024.09.26"]
[Round "3.7"]
[White "Porenta, Matija"]
[Black "Demsar, Maks"]
[Result "0-1"]
[WhiteElo "1885"]
[BlackElo "1958"]
[PlyCount "72"]
[EventDate "2024.09.12"]
[WhiteTeam "SK Medvode"]
[BlackTeam "Drustvo Tomo Zupan"]

1. e4 e5 2. Nf3 Nc6 3. Bc4 Bc5 4. d3 Nf6 5. c3 d6 6. h3 a6 7. a4 O-O 8. Qe2 Be6
9. Ba2 Bxa2 10. Rxa2 h6 11. Nbd2 Nh5 12. Nb3 Ba7 13. Be3 Bxe3 14. Qxe3 Nf4 15.
Rg1 f5 16. Nc1 Qf6 17. Nh2 d5 18. exd5 Nxd5 19. Qf3 Rad8 20. Ne2 Qd6 21. Qg3
Nf4 22. d4 Qd5 23. Ra1 Qe4 24. Qf3 Nxe2 25. Qxe4 fxe4 26. Kxe2 exd4 27. Rad1
d3+ 28. Ke3 Rfe8 29. f3 exf3+ 30. Kxf3 Ne5+ 31. Kf2 Nc4 32. b3 Re2+ 33. Kf3
Rf8+ 34. Kg3 Nd2 35. Nf3 Ne4+ 36. Kg4 Nf2+ 0-1

[Event "OSREDNJA SLOVENSKA LIGA 2024"]
[Site "Gostovanja"]
[Date "2024.09.26"]
[Round "3.7"]
[White "Smirnov, Maksim"]
[Black "Arcon, Roman"]
[Result "1-0"]
[WhiteElo "1839"]
[BlackElo "1713"]
[PlyCount "73"]
[EventDate "2024.09.12"]
[WhiteTeam "Drustvo Tomo Zupan"]
[BlackTeam "SK Medvode"]

1. d4 e5 2. dxe5 d6 3. exd6 Bxd6 4. Nf3 Qe7 5. Bg5 Nf6 6. c3 Nc6 7. e3 a6 8.
Nbd2 Be6 9. Bc4 Bxc4 10. Nxc4 O-O-O 11. Nxd6+ Rxd6 12. Qe2 h6 13. Bf4 Rd7 14.
Rd1 g5 15. Bg3 g4 16. Nh4 h5 17. O-O Ne4 18. Rxd7 Qxd7 19. Rd1 Nxg3 20. hxg3
Qe6 21. b4 Re8 22. a4 Ne5 23. Rd4 Qb3 24. b5 a5 25. Qd2 c5 26. bxc6 Nxc6 27.
Rd5 Qxa4 28. Nf5 Kb8 29. Rd7 Ne5 30. Qd6+ Ka8 31. Rc7 Qe4 32. Qb6 Nc4 33. Qb3
Re5 34. Rxc4 Qxf5 35. Qb6 Rb5 36. Qd8+ Ka7 37. Rc8 {nejasno (39)} 1-0